Young Multi - piosenka po emotkach cz. 3 - Statystyki

Ogólne statystyki
  • Ten quiz został rozwiązany 62 razy
  • Średni wynik to 4 z 10
Statystyki odpowiedzi
Hint Odpowiedź % Poprawnych
📞🙍‍♂️🙍‍♂️🥦 Ziomeczki Ziomy
77%
😴🛌 S3N
57%
☢👫💖 Toxic luv
55%
👩📞 Ona Dzwoni
45%
🌊 Tsunami
43%
👨‍👧 Córka Tatusia
23%
1️⃣📅 Jeden dzień
21%
💥🧨 Trotyl
21%
🏰 Trap Forteca
15%
🧑👹 Beast Mode
9%
Nie znaleziono quizów pasujących do podanych kryteriów
Rozkład punktacji
Procent ludzi z każdym wynikiem
Percentyl według liczby udzielonych odpowiedzi
Twoja historia wyników
Nie rozwiązałeś tego quizu